[Event "EU-ch Amateur U2000"]
[Site "Zagreb"]
[Date "2022.08.21"]
[Round "9"]
[White "Moric, Ivan"]
[Black "Tresnak, Filip"]
[Result "0-1"]
[WhiteElo "1803"]
[BlackElo "1937"]
[PlyCount "90"]
[EventDate "2022.08.14"]
[EventType "swiss"]
[EventRounds "9"]
[EventCountry "CRO"]
[SourceTitle "CBM 210 Extra"]
[Source "ChessBase"]
[SourceDate "2022.11.30"]
[SourceVersion "1"]
[SourceVersionDate "2022.11.30"]
[SourceQuality "1"]

1. e4 d6 2. d4 Nf6 3. Nc3 Nbd7 4. g3 e5 5. Nge2 Be7 6. Bg2 c6 7. 0-0 h6 8. h3 g5 9. f4 gxf4 10. gxf4 Qc7 11. Be3 Nf8 12. d5 Rg8 13. f5 N8h7 14. Rc1 cxd5 15. Nxd5 Nxd5 16. Qxd5 Nf6 17. Qd3 b5 18. Qxb5+ Bd7 19. Qd3 Bc6 20. Nc3 Qb7 21. Kh2 d5 22. exd5 Rxg2+ 23. Kxg2 Nxd5 24. Nxd5 Bxd5+ 25. Kg1 Bh4 26. Kh2 Rd8 27. Qe2 Qxb2 28. Bxh6 Qc3 29. Qe3 Qxe3 30. Bxe3 Bxa2 31. Bxa7 Rd2+ 32. Kg1 Bd5 33. Bf2 Bc6 34. Rcd1 Bxf2+ 35. Kh2 Rxc2 36. Rc1 Rxc1 37. Rxc1 Kd7 38. Rc2 Bh4 39. Rc4 Be1 40. Rc1 Bf2 41. Rc2 Bd4 42. Rc1 Be4 43. Rf1 Ke7 44. Kg3 Kf6 45. Kg4 Bd3 0-1

[Event "EU-ch Amateur U2000"]
[Site "Zagreb"]
[Date "2022.08.18"]
[Round "6"]
[White "Tonc, Josip"]
[Black "Moric, Ivan"]
[Result "0-1"]
[WhiteElo "1644"]
[BlackElo "1803"]
[PlyCount "52"]
[EventDate "2022.08.14"]
[EventType "swiss"]
[EventRounds "9"]
[EventCountry "CRO"]
[SourceTitle "CBM 210 Extra"]
[Source "ChessBase"]
[SourceDate "2022.11.30"]
[SourceVersion "1"]
[SourceVersionDate "2022.11.30"]
[SourceQuality "1"]

1. d4 Nf6 2. c4 g6 3. Nc3 Bg7 4. e4 d6 5. Be2 0-0 6. Nf3 e5 7. d5 a5 8. Be3 Na6 9. a3 h6 10. Rb1 Ng4 11. b4 Nxe3 12. fxe3 f5 13. 0-0 axb4 14. axb4 c5 15. dxc6 bxc6 16. exf5 gxf5 17. b5 Qb6 18. c5 Qxc5 19. Qb3+ d5 20. bxa6 Qxe3+ 21. Kh1 e4 22. Nxd5 Qxb3 23. Ne7+ Kf7 24. Rxb3 exf3 25. Nxc8 fxe2 26. Re1 Rfxc8 0-1

[Event "CRO-ch U19"]
[Site "Split"]
[Date "2021.07.29"]
[Round "7"]
[White "Sos, Fran"]
[Black "Moric, Ivan"]
[Result "1-0"]
[WhiteElo "1946"]
[BlackElo "1871"]
[PlyCount "63"]
[EventDate "2021.07.25"]
[EventType "swiss"]
[EventRounds "9"]
[EventCountry "CRO"]
[SourceTitle "EXT 2022"]
[Source "ChessBase"]
[SourceDate "2021.10.06"]
[SourceVersion "1"]
[SourceVersionDate "2021.10.06"]
[SourceQuality "1"]

1. e4 c5 2. d3 d6 3. f4 Nf6 4. Nf3 e6 5. Be2 Be7 6. 0-0 a6 7. a4 b6 8. h3 Bb7 9. c3 Nc6 10. Na3 0-0 11. Be3 Na5 12. b4 Nc6 13. bxc5 bxc5 14. Rb1 Rb8 15. Qd2 d5 16. e5 Nd7 17. c4 d4 18. Bf2 Nb4 19. Nc2 Na2 20. Ncxd4 Bxf3 21. Bxf3 cxd4 22. Qxa2 Nc5 23. Rxb8 Qxb8 24. Rb1 Qc7 25. Be2 Qa5 26. Bxd4 Qxa4 27. Qxa4 Nxa4 28. Rb7 Re8 29. Ra7 Nc5 30. Kf1 Nb3 31. Bb6 a5 32. Bd1 1-0

[Event "CRO-ch U19"]
[Site "Split"]
[Date "2021.07.26"]
[Round "2"]
[White "Tukovic, Dario"]
[Black "Moric, Ivan"]
[Result "0-1"]
[WhiteElo "1777"]
[BlackElo "1871"]
[PlyCount "92"]
[EventDate "2021.07.25"]
[EventType "swiss"]
[EventRounds "9"]
[EventCountry "CRO"]
[SourceTitle "EXT 2022"]
[Source "ChessBase"]
[SourceDate "2021.10.06"]
[SourceVersion "1"]
[SourceVersionDate "2021.10.06"]
[SourceQuality "1"]

1. d4 Nf6 2. c4 g6 3. Nc3 Bg7 4. e4 d6 5. Be2 0-0 6. Nf3 e5 7. 0-0 Nc6 8. d5 Ne7 9. Ne1 Nd7 10. Be3 f5 11. f3 f4 12. Bf2 g5 13. Rc1 Ng6 14. Nb5 a6 15. Na7 Nf6 16. Nxc8 Rxc8 17. c5 g4 18. Nd3 g3 19. hxg3 Nh5 20. gxf4 exf4 21. Re1 Qg5 22. Qd2 Ng3 23. Bxg3 Qxg3 24. Bf1 Bd4+ 25. Nf2 Ne5 26. Rc3 Bxc3 27. Qxc3 h5 28. Rc1 Kh7 29. Qb3 Rg8 30. Rc3 b5 31. Qd1 b4 32. Rb3 dxc5 33. a3 a5 34. axb4 a4 35. Nh1 Qg5 36. Ra3 Nc4 37. Rc3 Ne3 38. Qe2 cxb4 39. Rc6 h4 40. g4 hxg3 41. Bh3 Ra8 42. e5 Qh5 43. Rxc7+ Rg7 44. Rxg7+ Kxg7 45. Qb5 Qxh3 46. Qd7+ Qxd7 0-1

[Event "CRO-chT U20 30th"]
[Site "Rabac"]
[Date "2021.04.10"]
[Round "10.4"]
[White "Hergotic, Mihael"]
[Black "Moric, Ivan"]
[Result "1-0"]
[WhiteElo "1476"]
[BlackElo "1907"]
[PlyCount "71"]
[EventDate "2021.04.06"]
[EventType "team-tourn"]
[EventRounds "11"]
[EventCountry "CRO"]
[SourceTitle "CBM 201 Extra"]
[Source "ChessBase"]
[SourceDate "2021.05.31"]
[SourceVersion "1"]
[SourceVersionDate "2021.05.31"]
[SourceQuality "1"]
[WhiteTeam "Strigova Stridon U20"]
[BlackTeam "Sveta Nedelja U20"]
[WhiteTeamCountry "CRO"]
[BlackTeamCountry "CRO"]

1. e4 c5 2. Nc3 d6 3. f4 Nf6 4. Nf3 a6 5. e5 dxe5 6. fxe5 Nd5 7. a4 e6 8. Bc4 Be7 9. 0-0 0-0 10. d3 Nc6 11. Qe2 b6 12. Qe4 Ncb4 13. Rf2 Bb7 14. Qg4 Kh8 15. Ne4 Nc6 16. Ng3 Qc7 17. Nh5 Rg8 18. Qe4 Na5 19. Bg5 Raf8 20. Qg4 f6 21. Qxe6 fxg5 22. Bxd5 Bc8 23. Qxg8+ Rxg8 24. Raf1 Rf8 25. Nxg5 Rxf2 26. Rxf2 h6 27. Nf7+ Kh7 28. Be4+ g6 29. Rf6 Bf5 30. Bxf5 gxf5 31. Rxh6+ Kg8 32. e6 Bf6 33. Nxf6+ Kf8 34. Rh8+ Kg7 35. Nh5+ Kg6 36. Rh6# 1-0

[Event "CRO-ch U19"]
[Site "Vinkovci"]
[Date "2020.08.01"]
[Round "6"]
[White "Moric, Ivan"]
[Black "Birkic, Josip"]
[Result "1/2-1/2"]
[WhiteElo "1726"]
[BlackElo "1984"]
[PlyCount "75"]
[EventDate "2020.07.28"]
[EventType "swiss"]
[EventRounds "9"]
[EventCountry "CRO"]
[SourceTitle "EXT 2021"]
[Source "ChessBase"]
[SourceDate "2020.10.23"]
[SourceVersion "1"]
[SourceVersionDate "2020.10.23"]
[SourceQuality "1"]

1. e4 c6 2. d4 d5 3. Nc3 dxe4 4. Nxe4 Nf6 5. Ng3 Bg4 6. Be2 Bxe2 7. N3xe2 e6 8. Nf3 Bd6 9. Bf4 0-0 10. 0-0 Qc7 11. Qd2 Nbd7 12. c4 Rfd8 13. Rad1 Nf8 14. Bxd6 Rxd6 15. Qe3 Ng6 16. Rd3 Ne7 17. Nc3 Rad8 18. Rfd1 Nf5 19. Qf4 Qc8 20. g4 Ne7 21. Ne5 Ng6 22. Nxg6 hxg6 23. g5 Nh5 24. Qg4 b6 25. b4 c5 26. bxc5 bxc5 27. d5 f5 28. gxf6 Nxf6 29. Qxg6 exd5 30. Nb5 Ra6 31. cxd5 Rxd5 32. Rxd5 Nxd5 33. Qe4 Nf6 34. Qc4+ Kh7 35. Qh4+ Kg8 36. Qc4+ Kh8 37. Qh4+ Kg8 38. Qc4+ 1/2-1/2

[Event "CRO-ch U19"]
[Site "Vinkovci"]
[Date "2020.08.01"]
[Round "7"]
[White "Moric, Ivan"]
[Black "Jakrlin, Mihael"]
[Result "1-0"]
[WhiteElo "1726"]
[BlackElo "2183"]
[PlyCount "105"]
[EventDate "2020.07.28"]
[EventType "swiss"]
[EventRounds "9"]
[EventCountry "CRO"]
[SourceTitle "EXT 2021"]
[Source "ChessBase"]
[SourceDate "2020.10.23"]
[SourceVersion "1"]
[SourceVersionDate "2020.10.23"]
[SourceQuality "1"]

1. e4 Nf6 2. e5 Nd5 3. d4 d6 4. Nf3 Bg4 5. Bc4 c6 6. Nc3 dxe5 7. dxe5 e6 8. Bxd5 cxd5 9. 0-0 Nc6 10. Re1 Bb4 11. Bd2 a6 12. h3 Bh5 13. g4 Bg6 14. Ne2 Be7 15. c3 0-0 16. Ned4 Na5 17. Qe2 Nc4 18. Bc1 Qc7 19. Nd2 b5 20. f4 Nxd2 21. Bxd2 Be4 22. Qh2 b4 23. Rac1 bxc3 24. Rxc3 Bc5 25. Be3 Qb6 26. Qf2 Rac8 27. Rec1 Bxd4 28. Bxd4 Rxc3 29. Rxc3 Qb5 30. f5 exf5 31. gxf5 Qd7 32. f6 Qe6 33. Qg3 Bg6 34. h4 h5 35. Qg5 Re8 36. fxg7 Kxg7 37. Rb3 Qg4+ 38. Qxg4 hxg4 39. e6+ f6 40. Rb7+ Kh6 41. Rb6 f5 42. Kf2 Kh5 43. Kg3 Rf8 44. Kf4 Kxh4 45. e7 Re8 46. Rxg6 Kh5 47. Kxf5 Rxe7 48. Rg7 Rxg7 49. Bxg7 g3 50. Bd4 a5 51. Ke5 a4 52. Kxd5 a3 53. bxa3 1-0

[Event "CRO-ch U19"]
[Site "Vinkovci"]
[Date "2020.07.30"]
[Round "4"]
[White "Moric, Ivan"]
[Black "Smetisko, Josip"]
[Result "1-0"]
[WhiteElo "1726"]
[BlackElo "1940"]
[PlyCount "65"]
[EventDate "2020.07.28"]
[EventType "swiss"]
[EventRounds "9"]
[EventCountry "CRO"]
[SourceTitle "EXT 2021"]
[Source "ChessBase"]
[SourceDate "2020.10.23"]
[SourceVersion "1"]
[SourceVersionDate "2020.10.23"]
[SourceQuality "1"]

1. e4 d6 2. d4 Nf6 3. Nc3 Nbd7 4. g3 e5 5. Nge2 g6 6. Bg2 Bg7 7. 0-0 0-0 8. h3 c6 9. Be3 Nb6 10. b3 Re8 11. Qd2 Qc7 12. Rae1 Be6 13. f4 Rad8 14. f5 Bc8 15. g4 d5 16. exd5 Nfxd5 17. Nxd5 Nxd5 18. Bxd5 Rxd5 19. f6 Bf8 20. Bh6 Kh8 21. Nf4 Bxh6 22. Nxd5 Bxd2 23. Nxc7 Rd8 24. Rxe5 Bd7 25. d5 Ba5 26. d6 Bb6+ 27. Kg2 Kg8 28. Rfe1 Bd4 29. Re8+ Bxe8 30. Rxe8+ Rxe8 31. Nxe8 Kf8 32. d7 Bb6 33. Nd6 1-0

[Event "CRO-ch U15"]
[Site "Trogir"]
[Date "2017.06.18"]
[Round "3"]
[White "Moric, Ivan"]
[Black "Drempetic, Mario"]
[Result "1/2-1/2"]
[WhiteElo "1439"]
[BlackElo "1687"]
[PlyCount "40"]
[EventDate "2017.06.17"]
[EventType "swiss"]
[EventRounds "9"]
[EventCountry "CRO"]
[SourceTitle "CBM 179 Extra"]
[Source "ChessBase"]
[SourceDate "2017.08.23"]
[SourceVersion "1"]
[SourceVersionDate "2017.08.23"]
[SourceQuality "1"]

1. e4 e5 2. Nf3 Nc6 3. Bb5 a6 4. Ba4 Nf6 5. d3 b5 6. Bb3 Bc5 7. h3 d6 8. c3 Ba7 9. Nbd2 Bb7 10. 0-0 0-0 11. Re1 Ne7 12. Nf1 Ng6 13. Ng3 Re8 14. Bc2 d5 15. Qe2 d4 16. cxd4 Bxd4 17. Nxd4 exd4 18. f4 c5 19. f5 Ne5 20. Bb3 Rc8 1/2-1/2